00721nam a2200265Ia 450000500170000000800460001702000180006303700100008104000080009104000080009904000080010704100080011504100080012308400080013110000400013924500560017926000230023526000090025836500050026736500080027285600530028094200100033399900210034395200910036420260324130152.0008 260324s9999 xx 000 0 eng d a9780429138416 aEBOOK aCRL beng cCRL 2eng aeng qCRL aJamie V. Trapp; Tomas Kron91180761 3aAn Introduction to Radiation Protection in Medicine bTaylor and Francis c2008 a b210 uhttp://www.taylorfrancis.com/books/9780429138416 cEBOOK c1776694d1776694 00104070aCRLbCRLd2026-03-24l0pCL2058869r2026-03-24 13:01:52w2026-03-24yEBOOK